[Event "GRENKE Chess Open"]
[Site "Karlsruhe GER"]
[Date "2018.03.31"]
[EventDate "2018.03.29"]
[Round "5.4"]
[Result "1/2-1/2"]
[White "Burak Firat"]
[Black "Wang Hao"]
[WhiteElo "2453"]
[BlackElo "2713"]
[PlyCount "81"]

1. e4 c5 2. Nf3 d6 3. d4 cxd4 4. Nxd4 Nf6 5. Nc3 a6 6. h3 e6
7. g4 Nfd7 8. g5 Be7 9. h4 b5 10. a3 Bb7 11. Be3 Nb6 12. Qg4
N8d7 13. f4 Rc8 14. Bd3 Nc4 15. Bxc4 Rxc4 16. O-O-O Rxc3
17. bxc3 Qc7 18. f5 Ne5 19. Qf4 Qxc3 20. Nb3 exf5 21. Bd4 Qc7
22. Nc5 Ng6 23. Qh2 Bc8 24. Rhf1 f4 25. Nd3 O-O 26. Nb4 Be6
27. Bb2 Rc8 28. Kb1 Qc4 29. Nd5 Bxd5 30. exd5 f3 31. Rxf3 Qxh4
32. Rh3 Qf4 33. Qh1 Qf5 34. Rf1 Qxc2+ 35. Ka1 Bxg5 36. Rxh7
Bf6 37. Rxf6 gxf6 38. Qh6 Qd1+ 39. Ka2 Qxd5+ 40. Ka1 Qd1+
41. Ka2 1/2-1/2

[Event "GRENKE Chess Open"]
[Site "Karlsruhe GER"]
[Date "2018.04.01"]
[EventDate "2018.03.29"]
[Round "6.12"]
[Result "1-0"]
[White "Wang Hao"]
[Black "Grzegorz Nasuta"]
[WhiteElo "2713"]
[BlackElo "2459"]
[PlyCount "85"]

1. e4 c5 2. Nf3 d6 3. d4 cxd4 4. Nxd4 Nf6 5. Nc3 a6 6. h4 e5
7. Nb3 Be6 8. f4 Qc7 9. f5 Bc4 10. Bg5 Nbd7 11. Qf3 b5 12. a3
Rc8 13. Bxc4 bxc4 14. Nd2 Qa5 15. Bxf6 Nxf6 16. Qe2 d5
17. exd5 Bb4 18. Rh3 O-O 19. Nxc4 Qxd5 20. Nb6 Qb7 21. Nxc8
Bxc3+ 22. bxc3 Qxc8 23. O-O-O Qxf5 24. Rhd3 Qf4+ 25. Qe3 Qa4
26. c4 Qxc4 27. Qxe5 Ng4 28. Qd4 Qe6 29. Qf4 Qc8 30. g3 h6
31. Kb2 h5 32. Rc3 Qe6 33. Rd6 Qe2 34. Rd5 g6 35. Qd4 Kh7
36. Rd8 Rxd8 37. Qxd8 Ne3 38. Rc8 Nc4+ 39. Kc3 Qe5+ 40. Kxc4
Qb5+ 41. Kc3 Qe5+ 42. Qd4 Qxg3+ 43. Kb2 1-0

[Event "GRENKE Chess Open"]
[Site "Karlsruhe GER"]
[Date "2018.04.01"]
[EventDate "2018.03.29"]
[Round "7.3"]
[Result "1/2-1/2"]
[White "Vadim Malakhatko"]
[Black "Wang Hao"]
[WhiteElo "2536"]
[BlackElo "2713"]
[PlyCount "68"]

1. c4 Nf6 2. Nc3 e6 3. Nf3 d5 4. d4 c6 5. e3 Nbd7 6. Bd3 dxc4
7. Bxc4 b5 8. Bd3 Bb7 9. a3 Bd6 10. O-O O-O 11. Ng5 a6
12. Nge4 Be7 13. b4 a5 14. Rb1 Nd5 15. Nxd5 exd5 16. Nc5 Nxc5
17. dxc5 axb4 18. axb4 Bc8 19. Qc2 g6 20. Bb2 Bf6 21. Ra1 Rxa1
22. Rxa1 Be6 23. Ra6 Bxb2 24. Qxb2 d4 25. Rxc6 dxe3 26. Rd6
Qg5 27. Bf1 Bc4 28. Bxc4 bxc4 29. h3 Re8 30. fxe3 Qxe3+
31. Qf2 Qc3 32. Kh2 Qxb4 33. Qd4 Qb8 34. Qxc4 Qc7 1/2-1/2

[Event "GRENKE Chess Open"]
[Site "Karlsruhe GER"]
[Date "2018.04.02"]
[EventDate "2018.03.29"]
[Round "8.8"]
[Result "1/2-1/2"]
[White "Wang Hao"]
[Black "Christopher Noe"]
[WhiteElo "2713"]
[BlackElo "2494"]
[PlyCount "59"]

1. e4 e5 2. Nf3 Nc6 3. d4 exd4 4. Nxd4 Bc5 5. Nb3 Bb4+ 6. c3
Be7 7. Bf4 d6 8. N1d2 Nf6 9. Bd3 Bg4 10. Be2 Qd7 11. h3 Bxe2
12. Qxe2 O-O 13. O-O Rfe8 14. Rfe1 Bf8 15. Qd3 Ne5 16. Qc2 d5
17. Rad1 dxe4 18. Nxe4 Qf5 19. Bh2 Nxe4 20. Qxe4 Qxe4 21. Rxe4
Nd3 22. Rxe8 Rxe8 23. Bxc7 Nxb2 24. Rd4 Rc8 25. Rd7 Na4 26. c4
f6 27. g4 b6 28. Kg2 Nb2 29. h4 Nxc4 30. g5 1/2-1/2

[Event "GRENKE Chess Open"]
[Site "Karlsruhe GER"]
[Date "2018.04.02"]
[EventDate "2018.03.29"]
[Round "9.9"]
[Result "0-1"]
[White "Borya Ider"]
[Black "Wang Hao"]
[WhiteElo "2505"]
[BlackElo "2713"]
[PlyCount "116"]

1. d4 Nf6 2. Bf4 g6 3. e3 Bg7 4. Nf3 d6 5. h3 O-O 6. Be2 b6
7. O-O Bb7 8. c4 Ne4 9. Nbd2 Nxd2 10. Nxd2 e5 11. dxe5 dxe5
12. Bg3 Qe7 13. Qc2 Nd7 14. Bf3 Bxf3 15. Nxf3 e4 16. Nd4 Nc5
17. Nb5 Be5 18. Bxe5 Qxe5 19. Qc3 Qe7 20. Rad1 Nd3 21. Nd4 Qg5
22. b4 a5 23. b5 Rad8 24. Nc6 Rd7 25. Nd4 Rfd8 26. Rxd3 exd3
27. Rd1 Qe5 28. Rxd3 Rd6 29. Rd2 h5 30. Qc2 h4 31. Rd1 Kg7
32. Rc1 R8d7 33. Qc3 Qf6 34. Qc2 Qe5 35. Qc3 Re7 36. Qc2 Qc5
37. Nf3 Red7 38. Nd4 Kg8 39. Qe4 Qa3 40. Rc2 Qb4 41. Kh2 Qb1
42. Qe8+ Kh7 43. Qe4 Kg7 44. Qe5+ Rf6 45. Rd2 Rd6 46. c5 bxc5
47. Qxc5 Qe1 48. Qc2 a4 49. a3 Rd5 50. Re2 Qf1 51. f3 Rd7
52. Qb2 Kg8 53. Qc2 Re6 54. Rf2 Qa1 55. Re2 Ree7 56. Qd3 Qc1
57. Rd2 Re8 58. f4 Qe1 0-1

[Event "Sharjah Masters"]
[Site "Sharjah UAE"]
[Date "2018.04.12"]
[EventDate "2018.04.12"]
[Round "1.1"]
[Result "1-0"]
[White "Wang Hao"]
[Black "Nehad Nyazi"]
[WhiteElo "2707"]
[BlackElo "2213"]
[PlyCount "60"]

1. e4 c6 2. d4 d5 3. e5 Bf5 4. Nf3 e6 5. Be2 c5 6. Be3 Qb6
7. Nc3 Nc6 8. Na4 Qa5+ 9. c3 cxd4 10. Nxd4 Nxd4 11. Bxd4 Ne7
12. Nc5 Nc6 13. Nxb7 Qc7 14. Nc5 Nxd4 15. cxd4 Bxc5 16. Qa4+
Kd8 17. dxc5 Ke7 18. Qh4+ f6 19. exf6+ gxf6 20. Rc1 Rab8
21. O-O Rxb2 22. Rfe1 Rg8 23. h3 Rxa2 24. c6 a5 25. Bf3 Kf7
26. Bxd5 Bxh3 27. Qxh3 exd5 28. Qxh7+ Rg7 29. Qh5+ Rg6
30. Qxd5+ Kg7 1-0

[Event "Sharjah Masters"]
[Site "Sharjah UAE"]
[Date "2018.04.13"]
[EventDate "2018.04.12"]
[Round "2.1"]
[Result "0-1"]
[White "Efstratios Grivas"]
[Black "Wang Hao"]
[WhiteElo "2468"]
[BlackElo "2707"]
[PlyCount "86"]

1. c4 e5 2. g3 Nf6 3. Bg2 d5 4. cxd5 Nxd5 5. Nc3 Nb6 6. Nf3
Nc6 7. O-O Be7 8. b3 O-O 9. Bb2 Re8 10. Rc1 Bf8 11. d3 Nd4
12. Nd2 c6 13. e3 Nf5 14. Nc4 f6 15. Qe2 Be6 16. Ne4 Nd5
17. a3 a5 18. Rfd1 Rc8 19. Qe1 b6 20. d4 exd4 21. Bxd4 Nxd4
22. Rxd4 Qc7 23. Nc3 b5 24. Nd2 Nxc3 25. Rxc3 c5 26. Rdd3 Red8
27. Qe2 Rxd3 28. Qxd3 Rd8 29. Qe2 a4 30. bxa4 Qe5 31. Rc2 b4
32. axb4 cxb4 33. f4 Qa1+ 34. Kf2 Qxa4 35. Rc6 Qa2 36. Ne4
Qxe2+ 37. Kxe2 Bd5 38. Nxf6+ gxf6 39. Bxd5+ Rxd5 40. Rxf6 Rb5
41. Ra6 b3 42. Ra1 b2 43. Rb1 Ba3 0-1

[Event "Sharjah Masters"]
[Site "Sharjah UAE"]
[Date "2018.04.14"]
[EventDate "2018.04.12"]
[Round "3.1"]
[Result "1-0"]
[White "Wang Hao"]
[Black "M Amin Tabatabaei"]
[WhiteElo "2707"]
[BlackElo "2605"]
[PlyCount "85"]

1. e4 e5 2. Nf3 Nc6 3. Bb5 a6 4. Ba4 Nf6 5. O-O b5 6. Bb3 Bb7
7. d3 Be7 8. Nbd2 O-O 9. Re1 d6 10. a3 Qd7 11. Nf1 Rae8
12. Ng3 Bd8 13. c3 Ne7 14. d4 exd4 15. cxd4 Ng6 16. Bc2 c5
17. d5 Ng4 18. h3 N4e5 19. Nh2 Bb6 20. f4 c4+ 21. Kf1 Nd3
22. Bxd3 cxd3 23. Qxd3 Qd8 24. Bd2 Qh4 25. Ng4 Bc8 26. Qf3 h5
27. Nf2 Bd7 28. Bb4 Bxf2 29. Qxf2 Nxf4 30. Bxd6 Nd3 31. Qf3
Nxe1 32. Rxe1 g6 33. Kg1 f5 34. Bxf8 Rxf8 35. Rf1 f4 36. Ne2
g5 37. e5 g4 38. Qe4 gxh3 39. Qg6+ Kh8 40. Nxf4 hxg2 41. Qh6+
Kg8 42. Qxf8+ Kxf8 43. Nxg2+ 1-0

[Event "Sharjah Masters"]
[Site "Sharjah UAE"]
[Date "2018.04.14"]
[EventDate "2018.04.12"]
[Round "4.1"]
[Result "1/2-1/2"]
[White "Eduardo Patricio Iturrizaga Bonelli"]
[Black "Wang Hao"]
[WhiteElo "2624"]
[BlackElo "2707"]
[PlyCount "30"]

1. Nf3 d5 2. d4 Nf6 3. c4 e6 4. g3 Be7 5. Bg2 O-O 6. O-O dxc4
7. Qc2 a6 8. a4 Bd7 9. Qxc4 Bc6 10. Bg5 Nbd7 11. Rd1 Bd5
12. Qc2 Be4 13. Qb3 Bd5 14. Qc2 Be4 15. Qb3 Bd5 1/2-1/2

[Event "Sharjah Masters"]
[Site "Sharjah UAE"]
[Date "2018.04.15"]
[EventDate "2018.04.12"]
[Round "5.2"]
[Result "0-1"]
[White "Wang Hao"]
[Black "Parham Maghsoodloo"]
[WhiteElo "2707"]
[BlackElo "2615"]
[PlyCount "120"]

1. d4 g6 2. c4 Bg7 3. Nc3 e6 4. e4 Ne7 5. Nf3 d5 6. e5 c5
7. dxc5 O-O 8. Be2 Nbc6 9. Bf4 Qa5 10. O-O dxc4 11. Ne4 Nd5
12. Qc1 c3 13. bxc3 Nxf4 14. Qxf4 Qc7 15. Nf6+ Kh8 16. Rfd1 h6
17. Rd6 Ne7 18. Qc4 b6 19. cxb6 Qxc4 20. Bxc4 Nf5 21. Rd2 axb6
22. Rad1 Bb7 23. Nd7 Bxf3 24. gxf3 Rfd8 25. f4 g5 26. fxg5
hxg5 27. Rd3 Ra5 28. Bb3 Kh7 29. Nxb6 Rxd3 30. Rxd3 Rxe5
31. Kf1 Rc5 32. Nc4 Rc7 33. Ke2 Ne7 34. Nd6 Ng6 35. Kf1 Nf4
36. Rg3 f5 37. c4 Bf8 38. Nb5 Rd7 39. Rxg5 Rd2 40. Nc3 Bc5
41. Nd1 Nd3 42. Rg2 Nc1 43. Ba4 Rxa2 44. Be8 Nd3 45. Rg3 Nf4
46. Bc6 e5 47. Rb3 e4 48. Bd7 Kg6 49. Rb2 Ra1 50. Rd2 Bb4
51. Rd4 Nd3 52. Ke2 Bc5 53. Be8+ Kf6 54. Rd7 Ra2+ 55. Kf1 Rd2
56. Bh5 f4 57. Rb7 Kg5 58. Rh7 f3 59. h4+ Kf6 60. Rf7+ Ke6 0-1

[Event "Sharjah Masters"]
[Site "Sharjah UAE"]
[Date "2018.04.16"]
[EventDate "2018.04.12"]
[Round "6.10"]
[Result "0-1"]
[White "Sunilduth Lyna Narayanan"]
[Black "Wang Hao"]
[WhiteElo "2568"]
[BlackElo "2707"]
[PlyCount "84"]

1. d4 Nf6 2. c4 e6 3. Nf3 d5 4. Nc3 Nbd7 5. Qc2 c6 6. e3 b6
7. Bd3 Bb7 8. b3 dxc4 9. bxc4 c5 10. d5 exd5 11. cxd5 Nxd5
12. Nxd5 Bxd5 13. O-O Be7 14. Rd1 Qc7 15. Bb2 Bc6 16. Bf5 Nf6
17. e4 Qb7 18. Ne5 Bxe4 19. Bxe4 Qxe4 20. Qxe4 Nxe4 21. Re1
Ng5 22. f4 Ne6 23. Nc6 Bf6 24. Bxf6 gxf6 25. f5 Kd7 26. fxe6+
fxe6 27. Rad1+ Kxc6 28. Rxe6+ Kb5 29. Rxf6 Rad8 30. Rb1+ Ka6
31. h4 Rhg8 32. Rb3 Rd2 33. Ra3+ Kb5 34. Rb3+ Kc4 35. Rf4+ Rd4
36. Rf7 Rdg4 37. Rb2 R8g7 38. Rxg7 Rxg7 39. Kf2 Kd3 40. Rb3+
Kc2 41. Re3 c4 42. Re2+ Kb1 0-1

[Event "Sharjah Masters"]
[Site "Sharjah UAE"]
[Date "2018.04.17"]
[EventDate "2018.04.12"]
[Round "7.4"]
[Result "1-0"]
[White "Wang Hao"]
[Black "Tigran Levonovich Petrosian"]
[WhiteElo "2707"]
[BlackElo "2609"]
[PlyCount "127"]

1. e4 e5 2. Nf3 Nc6 3. Bc4 Bc5 4. d3 d6 5. a4 Nf6 6. c3 a6
7. O-O O-O 8. Bg5 h6 9. Bh4 Be6 10. Nbd2 Re8 11. Re1 Ba7
12. b4 Qe7 13. Rb1 Kh8 14. a5 g5 15. Bg3 Bg4 16. Nf1 Be6
17. Bb3 Bxb3 18. Rxb3 Qd7 19. Ne3 Bxe3 20. fxe3 Kg7 21. c4 Ne7
22. Rb2 Ng6 23. Rf1 Rf8 24. Be1 Ng8 25. Rbf2 f6 26. Bc3 N8e7
27. Kh1 h5 28. Nd2 h4 29. Kg1 Rf7 30. d4 Raf8 31. Qe2 Ng8
32. c5 Qc6 33. Qc4 N8e7 34. Qe6 d5 35. Qg4 dxe4 36. dxe5 f5
37. Qxg5 Qe6 38. Nxe4 Nd5 39. Rd1 Nxc3 40. Nxc3 Qxe5 41. Ne2
Qf6 42. Qxf6+ Rxf6 43. Rd7+ R8f7 44. Rxf7+ Kxf7 45. Nd4 f4
46. exf4 Nxf4 47. b5 axb5 48. Nxb5 Nd5 49. Nd4 Rxf2 50. Kxf2
Nb4 51. Kf3 Kf6 52. Kg4 Ke5 53. Nb5 Na6 54. Kxh4 Nxc5 55. Nxc7
Kd6 56. Nb5+ Ke5 57. Kg5 Nb3 58. h4 Nxa5 59. h5 Ke6 60. h6 Nc6
61. Nd4+ Kf7 62. Nxc6 bxc6 63. g4 c5 64. Kf4 1-0

[Event "Sharjah Masters"]
[Site "Sharjah UAE"]
[Date "2018.04.18"]
[EventDate "2018.04.12"]
[Round "8.2"]
[Result "1-0"]
[White "Wang Hao"]
[Black "Sethuraman P Sethuraman"]
[WhiteElo "2707"]
[BlackElo "2631"]
[PlyCount "99"]

1. c4 e5 2. Nc3 Bb4 3. Nd5 a5 4. g3 Ne7 5. Bg2 O-O 6. e3 Nxd5
7. cxd5 c6 8. a3 Bc5 9. Ne2 cxd5 10. d4 exd4 11. exd4 Ba7
12. Nc3 Nc6 13. Be3 d6 14. Nxd5 Bf5 15. O-O Qd7 16. Rc1 Rac8
17. b4 axb4 18. axb4 Be6 19. Qa4 Bxd5 20. Bxd5 Rc7 21. Bg2 Bb8
22. d5 Ne5 23. Qxd7 Nxd7 24. b5 b6 25. Rc6 Rb7 26. Bh3 Nc5
27. Ra1 Bc7 28. Bf4 Rd8 29. Bf5 g6 30. Bc2 Kg7 31. Re1 Bb8
32. h4 f6 33. g4 Kf7 34. g5 f5 35. Kg2 Re7 36. Rxe7+ Kxe7
37. Rxb6 Bc7 38. Rc6 Ba5 39. b6 Bb4 40. Rc7+ Rd7 41. Ba4 Nxa4
42. b7 Rxc7 43. b8=Q Rc4 44. Qa7+ Kf8 45. Qa8+ Kf7 46. Qb7+
Kf8 47. Bh2 Rg4+ 48. Kf1 Nc3 49. Qxh7 Ne4 50. Qxg6 1-0

[Event "Sharjah Masters"]
[Site "Sharjah UAE"]
[Date "2018.04.19"]
[EventDate "2018.04.12"]
[Round "9.2"]
[Result "1/2-1/2"]
[White "Eltaj Safarli"]
[Black "Wang Hao"]
[WhiteElo "2653"]
[BlackElo "2707"]
[PlyCount "61"]

1. e4 e5 2. Nf3 Nc6 3. Bb5 Nf6 4. O-O Nxe4 5. Re1 Nd6 6. Nxe5
Be7 7. Bf1 Nxe5 8. Rxe5 O-O 9. Nc3 Ne8 10. Nd5 Bd6 11. Re1 c6
12. Ne3 Be7 13. c4 Nc7 14. d4 d5 15. cxd5 Bb4 16. Bd2 Bxd2
17. Qxd2 Nxd5 18. Nxd5 Qxd5 19. Re5 Qd6 20. Bc4 Bd7 21. Rae1
b5 22. Bb3 a5 23. a4 bxa4 24. Bxa4 Be6 25. Rxa5 Rxa5 26. Qxa5
Qxd4 27. Bxc6 Qxb2 28. Bd5 Bxd5 29. Qxd5 Qb4 30. Qe4 Qxe4
31. Rxe4 1/2-1/2

[Event "European Club Cup"]
[Site "Porto Carras GRE"]
[Date "2018.10.13"]
[EventDate "2018.10.12"]
[Round "2.5"]
[Result "1/2-1/2"]
[White "Hao Wang"]
[Black "Jan Michael Sprenger"]
[WhiteElo "2722"]
[BlackElo "2486"]
[PlyCount "82"]

1. e4 c5 2. Nf3 e6 3. d4 cxd4 4. Nxd4 a6 5. Bd3 Bc5 6. Nb3 Ba7 7. O-O Nc6 8. Qg4
Nf6 9. Qxg7 Rg8 10. Qh6 Ne5 11. Be2 b5 12. Bg5 Neg4 13. Bxf6 Nxf6 14. N1d2 Bb7
15. Bf3 Rg6 16. Qh4 Qc7 17. a4 b4 18. c3 bxc3 19. bxc3 Rb8 20. Rac1 Bc6 21. Rfe1
Qe5 22. Nc4 Qg5 23. Qxg5 Rxg5 24. Nd4 Rc5 25. Nxc6 Rxc6 26. Ne5 Rc7 27. Nd3 d6
28. e5 dxe5 29. Nxe5 Rb2 30. Rf1 Kf8 31. g3 Ra2 32. Nc6 Bc5 33. a5 Rd7 34. Ra1
Bxf2+ 35. Kg2 Rxa1 36. Rxa1 Rd2 37. Kh1 Nd7 38. Rf1 Nc5 39. Ne5 Be3 40. Bg4 Rf2
41. Rxf2 1/2-1/2

[Event "European Club Cup"]
[Site "Porto Carras GRE"]
[Date "2018.10.14"]
[EventDate "2018.10.12"]
[Round "3.6"]
[Result "0-1"]
[White "Marijan Georgiev Petrov"]
[Black "Wang Hao"]
[WhiteElo "2482"]
[BlackElo "2722"]
[PlyCount "88"]

1. e4 c5 2. Nf3 d6 3. Bb5+ Nd7 4. d4 cxd4 5. Qxd4 a6 6. Bxd7+
Bxd7 7. O-O e5 8. Qd3 Rc8 9. Nc3 h6 10. a4 Nf6 11. Nd2 Be6
12. Re1 Be7 13. Nf1 O-O 14. Ne3 Qb6 15. Bd2 Rfd8 16. a5 Qd4
17. Ra4 Qxd3 18. cxd3 d5 19. exd5 Nxd5 20. Nexd5 Bxd5 21. Nxd5
Rxd5 22. Bc3 f6 23. d4 exd4 24. Rxd4 Rxd4 25. Bxd4 Bb4 26. Bc3
Bxc3 27. bxc3 Rc5 28. Rb1 Rxa5 29. c4 b5 30. cxb5 axb5 31. Kf1
Kf7 32. Ke2 Ke6 33. Kd3 Kd6 34. Kc3 Ra2 35. Rf1 Kc5 36. h4 h5
37. g3 g6 38. Kb3 Re2 39. Kc3 b4+ 40. Kd3 Ra2 41. Ke3 b3
42. Rc1+ Kb4 43. Rc6 Ra5 44. Kd2 Rd5+ 0-1

[Event "European Club Cup"]
[Site "Porto Carras GRE"]
[Date "2018.10.15"]
[EventDate "2018.10.12"]
[Round "4.3"]
[Result "0-1"]
[White "Wang Hao"]
[Black "Miklos Nemeth"]
[WhiteElo "2722"]
[BlackElo "2474"]
[PlyCount "84"]

1. c4 e5 2. Nc3 Nf6 3. Nf3 Nc6 4. e3 Bb4 5. Qc2 Bxc3 6. bxc3
O-O 7. d3 d6 8. Be2 a6 9. a4 Re8 10. e4 Ne7 11. Nh4 Ng6
12. Nxg6 hxg6 13. O-O c6 14. f4 Bg4 15. a5 b5 16. axb6 Qxb6+
17. Kh1 a5 18. Bxg4 Nxg4 19. f5 gxf5 20. Rxf5 Re6 21. h3 Nf6
22. Bg5 Nd7 23. Qe2 a4 24. Qh5 f6 25. Rff1 Re7 26. Bc1 Nc5
27. Be3 Qd8 28. Qg6 Rd7 29. d4 Ne6 30. Qg4 Nf8 31. Ra3 Rb7
32. Rfa1 Qd7 33. Qf3 c5 34. dxc5 dxc5 35. Bxc5 Ne6 36. Bb4 Qc6
37. Qe2 Nf4 38. Qf3 Rd7 39. R3a2 Rd3 40. Qg4 Qxe4 41. Kh2 f5
42. Qg5 Ra6 0-1

[Event "European Club Cup"]
[Site "Porto Carras GRE"]
[Date "2018.10.16"]
[EventDate "2018.10.12"]
[Round "5.1"]
[Result "1/2-1/2"]
[White "Wang Hao"]
[Black "Ding Liren"]
[WhiteElo "2722"]
[BlackElo "2804"]
[PlyCount "60"]

1. e4 e5 2. Nf3 Nc6 3. Bb5 a6 4. Ba4 Nf6 5. O-O Be7 6. Re1 b5
7. Bb3 O-O 8. h3 Bb7 9. d3 d5 10. exd5 Nxd5 11. Nxe5 Nd4
12. Bd2 c5 13. Nc3 Nxb3 14. axb3 Nb4 15. Ne4 Qd5 16. Nf3 Rfe8
17. Ng3 Nc6 18. Re3 Nd4 19. Bc3 Rac8 20. Bxd4 cxd4 21. Re5 Qd7
22. Qd2 Bxf3 23. gxf3 Bf8 24. Rxe8 Rxe8 25. Kg2 Re6 26. h4 Qc6
27. h5 Rf6 28. Qe2 Re6 29. Qd2 Rf6 30. Qe2 Re6 1/2-1/2

[Event "European Club Cup"]
[Site "Porto Carras GRE"]
[Date "2018.10.17"]
[EventDate "2018.10.12"]
[Round "6.1"]
[Result "1/2-1/2"]
[White "Radoslaw Wojtaszek"]
[Black "Wang Hao"]
[WhiteElo "2727"]
[BlackElo "2722"]
[PlyCount "63"]

1. d4 Nf6 2. c4 e6 3. Nf3 d5 4. Nc3 Nbd7 5. Bf4 dxc4 6. e3 Nd5
7. Bxc4 Nxf4 8. exf4 Nb6 9. Bb3 Bd6 10. g3 Bd7 11. O-O O-O
12. Qd3 Bc6 13. Rad1 Qf6 14. Ne5 Bxe5 15. fxe5 Qf3 16. Qxf3
Bxf3 17. Rd3 Bc6 18. Rfd1 Rfe8 19. f4 Rad8 20. d5 exd5
21. Nxd5 Kf8 22. Nxb6 Rxd3 23. Rxd3 axb6 24. Kf2 h5 25. Bd1 g6
26. h4 Ra8 27. a3 Ke7 28. g4 hxg4 29. Bxg4 f6 30. exf6+ Kxf6
31. Bf3 Ra4 32. Kg3 1/2-1/2

[Event "European Club Cup"]
[Site "Porto Carras GRE"]
[Date "2018.10.18"]
[EventDate "?"]
[Round "7.2"]
[Result "1-0"]
[White "Wang Hao"]
[Black "Vladimir Potkin"]
[WhiteElo "2722"]
[BlackElo "2597"]
[PlyCount "71"]

1. c4 Nf6 2. Nc3 e5 3. g3 Bb4 4. Bg2 O-O 5. Nf3 Bxc3 6. dxc3
d6 7. O-O Re8 8. Ne1 e4 9. Nc2 Nbd7 10. b3 b6 11. Nb4 Bb7
12. Bf4 h6 13. Nd5 Ne5 14. h3 Nxd5 15. cxd5 f5 16. c4 Qf6
17. Be3 Re7 18. Qd2 Rae8 19. Bd4 Qg6 20. Rac1 a5 21. Rc3 Bc8
22. a3 Rf8 23. Bxe5 Rxe5 24. b4 axb4 25. axb4 Qf6 26. e3 Bd7
27. Ra1 Re7 28. Ra7 Be8 29. c5 bxc5 30. bxc5 Bf7 31. Bf1 Qe5
32. Qc1 Bxd5 33. cxd6 cxd6 34. Ra5 Rb8 35. Rxd5 Qxd5 36. Bc4
1-0

[Event "Isle of Man Masters"]
[Site "Douglas IMN"]
[Date "2018.10.20"]
[EventDate "2018.10.20"]
[Round "1.12"]
[Result "0-1"]
[White "Shah Fenil"]
[Black "Wang Hao"]
[WhiteElo "2411"]
[BlackElo "2722"]
[PlyCount "82"]

1. e4 c6 2. d4 d5 3. exd5 cxd5 4. Bd3 Nc6 5. c3 Nf6 6. Bf4 g6
7. Nf3 Bg7 8. O-O O-O 9. Nbd2 Nh5 10. Be3 Qd6 11. Re1 b6
12. a4 Bb7 13. Nb3 a5 14. Qd2 Rfe8 15. Bh6 Bh8 16. Bb5 Nf6
17. Bf4 Qd8 18. Ne5 Rc8 19. Qd3 Ne4 20. Nd2 Nxe5 21. Bxe5 Bxe5
22. dxe5 Nc5 23. Qh3 Bc6 24. Nf3 Ne6 25. Bxc6 Rxc6 26. Red1
Rc4 27. Qh6 Qd7 28. Qe3 Nc5 29. Qh6 f6 30. Re1 Re4 31. Rxe4
dxe4 32. exf6 exf6 33. Nd4 Nxa4 34. Qd2 Nc5 35. b4 axb4
36. cxb4 Ne6 37. Nb3 Rd8 38. Qe2 Qd3 39. Qxd3 Rxd3 40. Rb1 Kf7
41. Kf1 Nf4 0-1

[Event "Isle of Man Masters"]
[Site "Douglas IMN"]
[Date "2018.10.21"]
[EventDate "2018.10.20"]
[Round "2.6"]
[Result "1-0"]
[White "Wang Hao"]
[Black "Sarin Nihal"]
[WhiteElo "2722"]
[BlackElo "2572"]
[PlyCount "79"]

1. e4 e5 2. Nf3 Nc6 3. Bc4 Bc5 4. c3 Nf6 5. d3 d6 6. O-O O-O
7. h3 h6 8. Nbd2 a5 9. Bb3 Be6 10. Ba4 Qb8 11. Bxc6 bxc6
12. Re1 a4 13. Nf1 Re8 14. Ng3 Qd8 15. d4 exd4 16. cxd4 Bb4
17. Re2 Qb8 18. a3 Bb3 19. Qd3 Ba5 20. Bd2 d5 21. Ne5 Bxd2
22. Qxd2 dxe4 23. Nxe4 Nxe4 24. Rxe4 Qb5 25. Rg4 Re6 26. Qf4
Rd6 27. Re1 Be6 28. Rg3 Ba2 29. b4 Rad8 30. Qg4 g6 31. Qh4 Kg7
32. Qe7 Qd5 33. Qxc7 Re8 34. Kh2 Rd7 35. Nxd7 Rxe1 36. Re3 Rf1
37. Re2 Qxd4 38. Rxa2 Rxf2 39. Rxf2 Qxf2 40. Qe5+ 1-0

[Event "Isle of Man Masters"]
[Site "Douglas IMN"]
[Date "2018.10.23"]
[EventDate "2018.10.20"]
[Round "4.2"]
[Result "1-0"]
[White "Wang Hao"]
[Black "Erwin L'Ami"]
[WhiteElo "2722"]
[BlackElo "2639"]
[PlyCount "99"]

1. e4 e5 2. Nf3 Nc6 3. Bb5 Nf6 4. d3 Bc5 5. c3 O-O 6. O-O d5
7. exd5 Qxd5 8. Bc4 Qd8 9. Nbd2 h6 10. b4 Bd6 11. Re1 Re8
12. Bb2 Bf5 13. Ne4 Nxe4 14. dxe4 Be6 15. Nd2 Bf8 16. Qe2 Qd7
17. Bxe6 Qxe6 18. Nc4 Rad8 19. Ne3 Rd7 20. Qc4 Qxc4 21. Nxc4
f6 22. Red1 Red8 23. Rxd7 Rxd7 24. Kf1 Kf7 25. Ke2 Ke6 26. a4
Nd8 27. Bc1 Nf7 28. Be3 b6 29. a5 Nd6 30. axb6 axb6 31. Nxd6
Bxd6 32. Ra8 Be7 33. Rc8 Bd8 34. g4 Rd6 35. Ra8 Kd7 36. c4 Re6
37. Kd3 Re8 38. Ra7 Ke6 39. c5 bxc5 40. bxc5 Rh8 41. Ra8 Kd7
42. Kc4 c6 43. Ra7+ Bc7 44. Bd2 Kc8 45. Ba5 Bb8 46. Rxg7 h5
47. h3 hxg4 48. hxg4 Rh2 49. Rf7 Rxf2 50. g5 1-0

[Event "Isle of Man Masters"]
[Site "Douglas IMN"]
[Date "2018.10.24"]
[EventDate "2018.10.20"]
[Round "5.1"]
[Result "1/2-1/2"]
[White "Wang Hao"]
[Black "Arkadij Naiditsch"]
[WhiteElo "2722"]
[BlackElo "2721"]
[PlyCount "71"]

1. d4 Nf6 2. c4 e6 3. Nf3 d5 4. Nc3 Nbd7 5. Bg5 c6 6. cxd5
exd5 7. e3 Be7 8. Bd3 O-O 9. Qc2 Re8 10. O-O Nf8 11. h3 g6
12. Bf4 Ne6 13. Bh2 Ng7 14. Qb3 Qb6 15. Nd2 Bf5 16. Be2 h5
17. Rfc1 Ne6 18. a3 h4 19. Na4 Qxb3 20. Nxb3 a5 21. Nd2 Nd7
22. Nf3 g5 23. Ne5 Nxe5 24. Bxe5 Nf8 25. Nb6 Ra7 26. Bh2 Bd8
27. Na4 Nd7 28. b3 Be7 29. Nb2 Kg7 30. Nd3 Rea8 31. Kf1 f6
32. Ke1 Nf8 33. Nc5 Nd7 34. Nd3 Nf8 35. Nc5 Nd7 36. Nd3
1/2-1/2

[Event "Isle of Man Masters"]
[Site "Douglas IMN"]
[Date "2018.10.25"]
[EventDate "2018.10.20"]
[Round "6.1"]
[Result "1/2-1/2"]
[White "Jeffery Xiong"]
[Black "Wang Hao"]
[WhiteElo "2656"]
[BlackElo "2722"]
[PlyCount "119"]

1. d4 Nf6 2. c4 e6 3. Nf3 d5 4. g3 Be7 5. Bg2 O-O 6. O-O dxc4
7. Qc2 a6 8. a4 Bd7 9. Qxc4 Bc6 10. Bg5 Nbd7 11. Nc3 h6
12. Bxf6 Nxf6 13. b4 Bd5 14. Nxd5 exd5 15. Qb3 c6 16. e3 Ne4
17. Rfc1 Bf6 18. Rab1 Re8 19. b5 axb5 20. axb5 Qd7 21. bxc6
bxc6 22. Rc2 Qd6 23. Rbc1 Reb8 24. Qd3 Rb6 25. Ne1 Ng5 26. Qf5
Ne6 27. Nf3 Rab8 28. h4 Nd8 29. h5 Qe6 30. Bh3 Kf8 31. Kg2
Qxf5 32. Bxf5 Ke7 33. Ra1 Kd6 34. Nh2 Ne6 35. Ra7 R8b7 36. Ra8
Rb8 37. Rxb8 Rxb8 38. Ng4 Rc8 39. Ra2 c5 40. Ra6+ Rc6
41. dxc5+ Nxc5 42. Rxc6+ Kxc6 43. Nxf6 gxf6 44. f4 Kd6 45. g4
Ne6 46. Kf3 Ng7 47. Bc8 Ke7 48. Bb7 f5 49. g5 Nxh5 50. gxh6
Kf6 51. Bxd5 Kg6 52. h7 Kxh7 53. Bxf7 Nf6 54. Ke2 Kg7 55. Be6
Ne4 56. Bd7 Kf6 57. Bc6 Ng3+ 58. Kd3 Nh5 59. Kd4 Ng7 60. Kd5
1/2-1/2

[Event "Isle of Man Masters"]
[Site "Douglas IMN"]
[Date "2018.10.26"]
[EventDate "2018.10.20"]
[Round "7.3"]
[Result "1/2-1/2"]
[White "Wang Hao"]
[Black "Radoslaw Wojtaszek"]
[WhiteElo "2722"]
[BlackElo "2727"]
[PlyCount "115"]

1. e4 c5 2. Ne2 Nf6 3. Nbc3 d6 4. g3 Nc6 5. d4 cxd4 6. Nxd4 g6
7. Nxc6 bxc6 8. Bg2 Qc7 9. b3 Bg7 10. Bb2 O-O 11. O-O Ba6
12. Re1 Rad8 13. Qd4 e5 14. Qd2 Nd7 15. Na4 Bb5 16. Nc3 Ba6
17. Na4 Bb5 18. Ba3 Bxa4 19. Bxd6 Nb6 20. Rad1 Qb7 21. Qa5
Rfe8 22. bxa4 Nc4 23. Qc5 Nxd6 24. Rxd6 Rxd6 25. Qxd6 Bf8
26. Qd2 Qb4 27. Qxb4 Bxb4 28. Rd1 Kf8 29. Bh3 Bc5 30. Rd7 Re7
31. Rd3 Rb7 32. Rc3 Bb6 33. Rb3 Rb8 34. Bd7 Rd8 35. Bxc6 Rd2
36. Rf3 Ke7 37. Bd5 f6 38. c3 h5 39. h3 Bc5 40. a5 Rd1+
41. Kg2 Rd2 42. a6 Rb2 43. Bc4 Rc2 44. Bb3 Rb2 45. g4 h4
46. Bd5 g5 47. a4 Bb6 48. Bg8 Bc5 49. Kf1 Rb1+ 50. Ke2 Rb2+
51. Kf1 Rb1+ 52. Kg2 Rb2 53. Bc4 Bb6 54. Bb5 Rd2 55. Kf1 Ba5
56. c4 Bb6 57. Bc6 Rb2 58. Kg2 1/2-1/2